Prevulcanised natural rubber latex for dipping (Record no. 65678)

MARC details
000 -LEADER
fixed length control field 00396nam a2200133Ia 4500
100 ## - MAIN ENTRY--AUTHOR NAME
Personal name Gorton A D T
245 #0 - TITLE STATEMENT
Title Prevulcanised natural rubber latex for dipping
260 ## - PUBLICATION, DISTRIBUTION, ETC. (IMPRINT)
Name of publisher Proceedings of the International Rubber Conference, Malaysia 1988; p85-103
650 ## - SUBJECT ADDED ENTRY--TOPICAL TERM
Topical Term Ageing
650 ## - SUBJECT ADDED ENTRY--TOPICAL TERM
Topical Term Dipping
650 ## - SUBJECT ADDED ENTRY--TOPICAL TERM
Topical Term Prevulcanised NR latex
942 ## - ADDED ENTRY ELEMENTS (KOHA)
Koha item type Journals
Holdings
Withdrawn status Lost status Damaged status Not for loan Home library Current library Shelving location Date acquired Koha item type
      Journals RRII Library RRII Library Rubber chemistry 17/12/2021 Journals